Normal view
MARC view
- Regimental History Cell
Entry Corporate Name
001 - CONTROL NUMBER
- control field: 106147
003 - CONTROL NUMBER IDENTIFIER
- control field: NUST
005 - DATE AND TIME OF LATEST TRANSACTION
- control field: 20221228090048.0
008 - FIXED-LENGTH DATA ELEMENTS
- fixed length control field: 221228|| aca||aabn | a|a d
040 ## - CATALOGING SOURCE
- Original cataloging agency: NUST
- Transcribing agency: NUST
110 ## - HEADING--CORPORATE NAME
- Corporate name or jurisdiction name as entry element: Regimental History Cell
670 ## - SOURCE DATA FOUND
- Source citation: Work cat.: (NUST)185168: Regimental History Cell, History of the Azad Kashmir regiment / , 1997
